000 00686nam a2200241Ia 4500
003 OSt
005 20220916110923.0
006 a|||||r|||| 00| 0
007 ta
008 220915b |||||||| |||| 00| 0 hin d
024 _a198305
037 _cTextbook
040 _bhin
_aARTS
_cARTS
041 _ahin
082 _aO152,2N12,7, L7
100 _aप्रभाकर, विष्णु
245 0 _aटगर
246 _aṬagara
260 _aनई
_bदिल्ली अतुल आलोक
_c1977
300 _a74 पृ0
_ccm.
942 _hO152,2N12,7, L7
_cTB
_2CC
999 _c101450
_d101450